banner koha

Relatório de atividades 1972 / (Registro n. 261408)

MARC details
000 -LÍDER
Campo de controle fixo 00792nac a22002537a 4500
001 - NÚMERO DE CONTROLE
Número de controle BR6001813
003 - CÓDIGO MARC DA AGÊNCIA CATALOGADORA
Campo de controle BR-BrBNA
005 - DATA E HORA DA ÚLTIMA ATUALIZAÇÃO
Campo de controle 20240522161435.0
008 - CAMPO DE TAMANHO FIXO
Campo fixo de controle 230509b bl.|||m| |||| 00| 0 por d
040 ## - FONTE DA CATALOGAÇÃO
Agência catalogadora BR-BrBNA
Idioma da catalogação por
072 ## - CATEGORIA AGRIS
Código da categoria de assunto/objeto <a href="C00; E50">C00; E50</a>
090 ## - NÚMERO DE CHAMADA
Localização na estante C00
Código BR BR6001813
110 1# - ENTRADA PRINCIPAL - ENTIDADE
Nome da entidade ou lugar Associacao Nordestina de Credito e Assistencia Rural da Bahia, Salvador (Brasil)
9 (RLIN) 689
245 1# - TÍTULO PRINCIPAL
Título principal Relatório de atividades 1972 /
260 3# - IMPRENTA (PUBLICAÇÃO, DISTRIBUIÇÃO, ETC.)
Lugar de publicação, distribuição, etc. Salvador, BA (Brasil):
Data de publicação, distribuição, etc 1973.
300 ## - DESCRIÇÃO FÍSICA
Extensão 94 p.
490 ## - INDICAÇÃO DE SÉRIE
Título da série Relatorio - Associacao Nordestina de Credito e Assistencia Rural da Bahia (Brazil)
500 ## - NOTA GERAL
Notas gerais 46 illus.
650 ## - ASSUNTO - THESAGRO
Cabeçalho tópico ou nome geográfico EXTENSAO RURAL
650 ## - ASSUNTO - THESAGRO
Cabeçalho tópico ou nome geográfico ASSISTENCIA TECNICA
650 ## - ASSUNTO - THESAGRO
Cabeçalho tópico ou nome geográfico BAHIA
909 ## - IDENTIFICAÇÃO DO CATALOGADOR
Ano e mês da catalogação (aaaamm) 05/2024
Identificação do catalogador SARAH
942 ## - TIPO ESPECÍFICO
Tipo de material Monografia Seriada
952 ## - LOCATION AND ITEM INFORMATION (KOHA)
-- 2023-12-18
-- Portaria Interministerial nº 164/94
Exemplares
Status de empréstimo Fonte de classificação Status de danificação Não pode ser emprestado Código da coleção Localização permanente Localização atual Localização na estante Total Checkouts Número de chamada Código de barras Tipo de material
  Classificação AGRIS     Agrobase Biblioteca Nacional de Agricultura - Binagri Biblioteca Nacional de Agricultura - Binagri Agrobase - Acervo Geral   C00 BR6001813 2024-1717 Livros

BINAGRI

Telefone: (61)3218-2567/2388/3357/2097 - binagri@agro.gov.br

Ministério da Agricultura e Pecuária , Esplanada dos Ministérios, Bloco D, Anexo B, Brasília/DF, CEP: 70.043-900